000 00318nam a22001337a 4500
008 171030b xxu||||| |||| 00| 0 eng d
020 _a9780521440172
041 _aeng
080 _a336
100 _a56
101 _aFIN
245 _aFINANCE AND DEVELOPMENT: ISSUES AND EXPERIENCE
_cGIOVANNINI,A
942 _2udc
_cBK
999 _c36306
_d36306